Statistics for Top 15 Countries with Covid-19 Deaths - 26 November

Click here to take the quiz!

General Stats

  • This quiz has been taken 24 times
  • The average score is 15 of 21

Answer Stats

country% Correct
United States
100%
Brazil
95%
United Kingdom
95%
Argentina
91%
Italy
91%
France
86%
India
86%
Mexico
86%
Spain
86%
Russia
82%
Chile
73%
Colombia
73%
Iran
68%
Peru
68%
South Africa
68%
Belgium
59%
Bolivia
55%
Ecuador
55%
Indonesia
45%
Bosnia and
Herzegovina
14%
North Macedonia
9%

Score Distribution

Percentile by Number Answered

Percent of People with Each Score

Your Score History

You have not taken this quiz